Turn off the clock as you surf (Record no. 66426)
[ view plain ]
| 000 -LEADER | |
|---|---|
| fixed length control field | 01018cam a2200205 4500 |
| 001 - CONTROL NUMBER | |
| control field | ABS63711 |
| 008 - FIXED-LENGTH DATA ELEMENTS--GENERAL INFORMATION | |
| fixed length control field | 000000n2001 000 0 eng u |
| 035 ## - SYSTEM CONTROL NUMBER | |
| System control number | (Sirsi) u111481 |
| 100 ## - MAIN ENTRY--PERSONAL NAME | |
| Personal name | Scott, A. |
| 245 ## - TITLE STATEMENT | |
| Title | Turn off the clock as you surf |
| 260 ## - PUBLICATION, DISTRIBUTION, ETC. | |
| Date of publication, distribution, etc. | 2001 |
| 490 ## - SERIES STATEMENT | |
| Series statement | Estates Gazette |
| Volume/sequential designation | (0110) 10 March 2001, 137(1) |
| 520 ## - SUMMARY, ETC. | |
| Summary, etc. | Suggests that the Campaign for Unmetered Telecommunications is on the road to success, with unmetered internet access now available through several key service providers, including AOL UK and Freeserve. Suggests that estate agents could benefit enormously from unmetered narrowband and broadband internet access. This would allow and encourage clients to walk through virtual models of properties they are considering buying, thus saving them wasted journeys to view unsuitable properties. |
| 590 ## - LOCAL NOTE (RLIN) | |
| Local note | ABS |
| 650 ## - SUBJECT ADDED ENTRY--TOPICAL TERM | |
| Topical term or geographic name entry element | EBUSINESS |
| 650 ## - SUBJECT ADDED ENTRY--TOPICAL TERM | |
| Topical term or geographic name entry element | BROADBAND COMMUNICATIONS |
| 650 ## - SUBJECT ADDED ENTRY--TOPICAL TERM | |
| Topical term or geographic name entry element | UNMETRED INTERNET ACCESS |
| 690 ## - LOCAL SUBJECT ADDED ENTRY--TOPICAL TERM (OCLC, RLIN) | |
| Topical term or geographic name as entry element | INFORMATION TECHNOLOGY-INTERNET |
| 942 ## - ADDED ENTRY ELEMENTS (KOHA) | |
| Suppress in OPAC | 0 |
| Withdrawn status | Lost status | Source of classification or shelving scheme | Damaged status | Not for loan | Home library | Current library | Shelving location | Date acquired | Total Checkouts | Full call number | Barcode | Date last seen | Copy number | Price effective from | Koha item type |
|---|---|---|---|---|---|---|---|---|---|---|---|---|---|---|---|
| Dewey Decimal Classification | London | London | Journal article | 19/03/2001 | ABS63711 | 111481-1001 | 06/08/2019 | 1 | 06/08/2019 | Journal article |